Past 5 NRL Dally M Teams of The Year - Statistics

General Stats
  • This quiz has been taken 43 times
  • The average score is 36 of 65
Answer Stats
Hint Answer % Correct
1 James Tedesco
86%
1 James Tedesco
86%
1 James Tedesco
86%
7 Nathan Cleary
86%
7 Nathan Cleary
86%
10 Payne Haas
86%
10 Payne Haas
86%
10 Payne Haas
86%
10 Payne Haas
86%
5 Brian To'o
79%
5 Brian To'o
79%
3 Stephen Crichton
79%
3 Stephen Crichton
79%
4 Stephen Crichton
79%
11 Angus Crichton
76%
7 Nicho Hynes
76%
1 Kalyn Ponga
72%
13 Isaah Yeo
69%
13 Isaah Yeo
69%
13 Isaah Yeo
69%
3 Kotoni Staggs
69%
7 Shaun Johnson
69%
2 Xavier Coates
69%
7 Jahrome Hughes
66%
8 Addin Fonua-Blake
62%
8 Addin Fonua-Blake
62%
8 Addin Fonua-Blake
62%
12 Eliesa Katoa
62%
12 Eliesa Katoa
62%
9 Harry Grant
62%
9 Harry Grant
62%
8 Joseph Tapine
62%
10 Joseph Tapine
62%
9 Blayke Brailey
59%
6 Cameron Munster
59%
13 Erin Clark
59%
11 Hudson Young
59%
13 Patrick Carrigan
55%
4 Herbie Farnworth
52%
4 Herbie Farnworth
52%
8 James Fisher-Harris
48%
12 Liam Martin
48%
5 Mark Nawaqanitawase
48%
6 Tom Dearden
48%
1 Tom Trbojevic
48%
6 Cody Walker
45%
6 Ethan Strange
45%
9 Brandon Smith
41%
6 Ezra Mam
41%
2 Alex Johnston
38%
3 Valentine Holmes
34%
4 Joseph Manu
31%
3 Matt Burton
31%
5 Jamayne Isaako
28%
2 Zac Lomax
28%
12 Isaiah Papali'i
24%
9 Apisai Koroisau
21%
2 Dallin Watene-Zelezniak
21%
11 Viliame Kikau
21%
11 Viliame Kikau
21%
12 Jeremiah Nanai
17%
2 Reuben Garrick
17%
11 David Fifita
14%
5 Joseph Sua'ali'i
14%
4 Justin Olam
14%
No matching quizzes found
Score Distribution
Percent of People with Each Score
Percentile by Number Answered
Your Score History
You have not taken this quiz